Organisace Spojených národů vznik a ustavení

Salvato in:
Dettagli Bibliografici
Natura: Libro
Lingua:ceco
Pubblicazione: Praha Orbis 1950
Tags: Aggiungi Tag
Nessun Tag, puoi essere il primo ad aggiungerne!!

MARC

LEADER 00000nam a2200000 4500
001 0307546
005 20250307123712.3
041 0 |a cze 
044 |a CZ 
245 1 0 |a Organisace Spojených národů  |b vznik a ustavení 
264 1 |a Praha  |b Orbis  |c 1950